| 000 | 00573nam a2200181Ia 4500 | ||
|---|---|---|---|
| 008 | 131103s9999 xx 000 0 und d | ||
| 040 | _aLoreto College | ||
| 041 | _aEnglish | ||
| 082 |
_a915.45/KAY _bLCLIB(Press)/18880 |
||
| 100 | _aKayastha, S L | ||
| 245 | 4 |
_aThe Himalayan beas basin _b A study in habitat, economy and society _cS L Kayastha |
|
| 260 |
_aVaranasi _bBanaras Hindu University _c1964 |
||
| 300 |
_axviii,346p. _b ill.,, diagrams , map _c 26cm. |
||
| 504 | _aIncludes index | ||
| 650 | _aPunjab - Geography | ||
| 850 | _aLCLIB/915.45/KAY | ||
| 942 | _cBK | ||
| 999 |
_c24933 _d75412 |
||